Viviendo a toda: jóvenes, territorios culturales y nuevas sensibilidades. I parte: Perspectivas conceptuales /

El autor hace un esfuerzo por realizar un balance del estado que mantiene la investigación en materia de juventud y cultura y define los términos empleados. Apunta sobre lo que se sabe en cuanto a la relación entre lo juvenil y lo cultural en nuestro continente, aceptando el hecho de que es más lo q...

Descrizione completa

Salvato in:
Dettagli Bibliografici
Autore principale: Cubides C, Humberto J
Altri autori: Laverde Toscano, María Cristina, Valderrama H, Carlos Eduardo
Natura: Sconosciuto
Pubblicazione: Santa Fé de Bogotá: Siglo del Hombre Editores. Universidad Central. Departamento de Investigaciones
Soggetti:
Tags: Aggiungi Tag
Nessun Tag, puoi essere il primo ad aggiungerne!!

MARC

LEADER 00000 a2200000 04500
001 12073
003
008 991231s d
040
090 |a 141804  
100 |a Cubides C, Humberto J  
245 |a Viviendo a toda: jóvenes, territorios culturales y nuevas sensibilidades. I parte: Perspectivas conceptuales /  |c Humberto J. Cubides C. 
260 |a Santa Fé de Bogotá:   |b Siglo del Hombre Editores. Universidad Central. Departamento de Investigaciones  
300 |a xiii, 326 p.  
520 |a El autor hace un esfuerzo por realizar un balance del estado que mantiene la investigación en materia de juventud y cultura y define los términos empleados. Apunta sobre lo que se sabe en cuanto a la relación entre lo juvenil y lo cultural en nuestro continente, aceptando el hecho de que es más lo que falta por conocer y señalando como prioritario lo juvenil dentro de las diversas agendas en su relación con el ámbito cultural. DOC/LCL  
650 |a JUVENTUD  
650 |a CULTURA  
650 |a SUBCULTURA  
650 |a NECESIDADES DE INVESTIGACION  
700 |a   
700 |a Laverde Toscano, María Cristina  
700 |a   
700 |a Valderrama H, Carlos Eduardo  
999 |c 611  |d 611